Loading...
Fine Arts - Classical Music | 0 | 5 | 0 | 0 | 50 | 43 | 98.00 | 2 | 2 |
History - World History | 0 | 4 | 0 | 1 | 40 | 62 | 93.25 | 1 | 2 |
Social Science | 0 | 3 | 0 | 2 | 30 | 82 | 113.67 | 0 | 1 |
History - American History | 0 | 3 | 0 | 0 | 30 | 89 | 100.00 | 0 | 1 |
History - European History | 0 | 3 | 0 | 0 | 30 | 81 | 97.33 | 0 | 3 |
Geography/Current Events | 0 | 3 | 1 | 1 | 25 | 74 | 100.33 | 2 | 3 |
Philosophy | 0 | 2 | 0 | 1 | 20 | 112 | 116.50 | 0 | 0 |
Literature - American Literature | 0 | 2 | 0 | 1 | 20 | 112 | 128.50 | 0 | 0 |
Literature - European Literature | 0 | 2 | 0 | 0 | 20 | 109 | 116.00 | 0 | 0 |
Fine Arts - Other Fine Arts | 0 | 2 | 0 | 1 | 20 | 122 | 128.50 | 0 | 1 |
Literature - World/Other Literature | 0 | 1 | 0 | 0 | 10 | 143 | 143.00 | 0 | 0 |
History - Other History | 0 | 1 | 0 | 0 | 10 | 67 | 67.00 | 0 | 1 |
Fine Arts - Visual Fine Arts | 0 | 0 | 0 | 0 | 0 | 0.00 | 0 | 0 |